000
00154nam a22000857a 4500
082
_a
823
100
_a
NEVIL SHUTE
245
_a
A TOWN LIKE ALICE
942
_c
BK
999
_c
8392
_d
8392